| 000 | 00865nam a2200205Ia 4500 | ||
|---|---|---|---|
| 003 | IT-RoPAU | ||
| 005 | 20220918175838.0 | ||
| 008 | 120407s9999 xx 000 0 und d | ||
| 040 |
_aIT-RoPAU _c20140729090659.0 |
||
| 040 | _cIT-RoPAU | ||
| 041 | _aita | ||
| 100 |
_aRanzato Dina - Rocca Giancarlo _933907 |
||
| 245 |
_a50 anni di una presenza pastorale. _bLe suore di Gesù Buon pastore (1938-1988) |
||
| 260 |
_c1988 _aRoma _bEd. Cicinelli |
||
| 300 |
_a335 p. _c24 cm |
||
| 490 | _v2° Vol. | ||
| 520 | _aIndice del Volume Presentazione Introduzione Parte Prima - Preistoria di un ideale: 1900-1935 Parte Seconda - Alla ricerca di una fisionomia: 1936-1947 Parte Terza - Sviluppo e consolidamento: 1948-1969 Parte Quarta - Rilettura del carisma: 1970-1975 Parte Quinta - Realizzazione di un nuovo cammino: 1976-1987 | ||
| 942 |
_cBK _2ddc |
||
| 999 |
_c32887 _d32887 |
||